| 000 | 00628nam a22001577a 4500 | ||
|---|---|---|---|
| 020 | _qHard Cover. | ||
| 082 | _a620.005 | ||
| 100 | _aQamar Malik, Atif | ||
| 245 |
_aRestructuring the manufacturing practices in the surgical instruments industry of Sialkot to lean manufacturing, by the formulation of a frame work for its implementation / _cAtif Qamar Malik |
||
| 260 |
_aIslamabad : _bCEME - NUST, _c2014. |
||
| 300 |
_aVar. p. : ill. ; _c30cm. |
||
| 650 |
_aEngineering Management-MS-Thesis _916065 |
||
| 700 |
_aDr. Akhtar Nawaz Malik. _916099 |
||
| 942 |
_2ddc _cTHE |
||
| 999 |
_c540679 _d540679 |
||